Gemeinden von Villach-Land - Statistiken

Allgemein
  • Dieses Quiz wurde 187 mal gespielt
  • Das Durchschnittsergebnis liegt bei 12 aus 19
Antwortstatistiken
Einwohner Gemeinde % Korrekt
7.053 Arnoldstein
89%
9.050 Finkenstein am Faaker See
89%
8.926 Velden am Wörther See
89%
4.455 Treffen am Ossiacher See
80%
2.242 Bad Bleiberg
78%
1.440 Afritz am See
76%
5.808 Paternion
74%
623 Feistritz an der Gail
67%
1.331 Arriach
61%
2.122 Ferndorf
59%
5.579 Wernberg
57%
2.949 Weißenstein
56%
4.235 St. Jakob im Rosental
54%
2.251 Nötsch im Gailtal
50%
1.206 Fresach
48%
1.839 Rosegg
48%
1.091 Feld am See
46%
1.605 Stockenboi
44%
863 Hohenthurn
33%
Keine übereinstimmenden Quizze gefunden
Verteilung der Resultate
Anzahl Personen mit jedem Resultat
Perzentil nach korrekt beantworteten Fragen
Ihre Resultats-Entwicklung
Sie haben dieses Quiz noch nicht gespielt